000 00541nam a2200205Ia 4500
005 20260429112050.0
008 260429s9999||||xx |||||||||||||| ||und||
020 _a9781836594246
041 _aEnglish
082 _a070.4
_bMIT
100 _aMitchell, Jeffrey
245 0 _aJournalism and social media /
_cJeffrey Mitchell
250 _a1st ed.
260 _aLondon :
_bETP ED- Tech Press,
_c2025.
300 _ax, 258 p.; hb
650 _a Communication studies
650 _a Social media
650 _aJournalism
942 _cTB
999 _c52168
_d52168